00613 2200241 4500001002100000005001500021035002000036245004400056100001700100250001000117300003900127260003600166082001000202084001600212020001600228505001100244990002000255990002000275990001900295990001900314990001900333990001900352INLIS00000000000471020231113090333 a0010-11230000611 aRahasia DiBalik Telepon /cJohn Bassett0 aJohn Bassett aCet 2 a32 hlm, :bilus ;c20,7 x 29,5 cm. aBandung; :bPakar Raya;,c2007. a384.6 a384.6 JOH r a979534343-2 aIndeks a12759/P/BL/2016 a12758/P/BL/2016 a7291/P/BL/2016 a7292/P/BL/2016 a7203/P/BL/2016 a7202/P/BL/2016